| 000 | 00681nas a22002057a 4500 | ||
|---|---|---|---|
| 999 |
_c6559 _d6559 |
||
| 003 | OSt | ||
| 005 | 20181022123523.0 | ||
| 008 | 130703c1998 sp a|||| |||| 00| 0 spa d | ||
| 040 |
_cCDMR _bcat |
||
| 245 | 0 | 2 |
_aGénero y comunicación _cAMECO |
| 260 |
_aMadrid _bAsociación Española de Mujeres Profesionales de los Medios de Comunicación _c1998- |
||
| 300 | _av. | ||
| 310 | _aAnual | ||
| 362 | _aNúm. 0 (1998) - | ||
| 650 | 0 | 4 |
_93818 _aMitjans de comunicació de massa i dones |
| 650 | 0 | 4 |
_92913 _aDones periodistes |
| 650 | 0 | 4 |
_94233 _aDones en el periodisme |
| 710 | 2 |
_93916 _aAsociación Española de Mujeres Profesionales de los Medios de Comunicación |
|
| 856 |
_uhttps://www.nodo50.org/ameco/ _yDisponible en línia els sumaris de continguts |
||
| 942 |
_2udc _cSER |
||